Informácie zamestnávateľa - nakladanie s nimi

Obchodné tajomstvo, bankové tajomstvo, telekomunikačné tajomstvo, poštové tajomstvo. Utajované skutočnosti - osobitný režim nakladania s informáciami. Osobné údaje - ochrana informácií. Povinnosť mlčanlivosti, porušenie tejto povinnosti znamená porušenie pracovnej disciplíny zamestnancom.

Saved in:
Bibliographic Details
Main Author: Kovalčíková, Martina
Format: Book Chapter
Language:Slovak
Subjects:
Tags: Add Tag
No Tags, Be the first to tag this record!

MARC

LEADER 00000naa a2200000 4500
001 0223828
005 20231120135945.6
041 0 |a slo 
044 |a SK 
245 1 0 |a Informácie zamestnávateľa - nakladanie s nimi  |c Martina Kovalčíková 
520 |a Obchodné tajomstvo, bankové tajomstvo, telekomunikačné tajomstvo, poštové tajomstvo. Utajované skutočnosti - osobitný režim nakladania s informáciami. Osobné údaje - ochrana informácií. Povinnosť mlčanlivosti, porušenie tejto povinnosti znamená porušenie pracovnej disciplíny zamestnancom. 
610 2 0 |a podnik 
610 2 0 |a informácie 
610 2 0 |a ochrana informácií 
610 2 0 |a tajomstvo obchodné 
610 2 0 |a tajomstvo bankové 
610 2 0 |a disciplína pracovná 
100 1 |a Kovalčíková, Martina